| 000 | 00535nam a22001817a 4500 | ||
|---|---|---|---|
| 003 | OSt | ||
| 005 | 20140310182849.0 | ||
| 008 | 130220t xxu||||| |||| 00| 0 eng d | ||
| 020 | _a0764137365 | ||
| 050 |
_aPE 1128 _b.L336 2008 |
||
| 100 |
_aLacie, Christina _9897 |
||
| 245 |
_aBarron's English for foreign language speakers : _cChristina Lacie _bthe easy way / |
||
| 260 |
_aHauppauge [NY] _bBarron's Educational Series _cc2008. |
||
| 300 |
_a459 p. : _c28 cm. |
||
| 650 |
_aEnglish _916954 |
||
| 942 |
_2lcc _cBK |
||
| 999 |
_c16967 _d16967 |
||